[Event "LTU-ch Women 2019"]
[Site "Vilnius"]
[Date "2019.03.17"]
[Round "3.4"]
[White "Perminaite, Guoda"]
[Black "Ravlusevic, Evelina"]
[Result "1/2-1/2"]
[WhiteElo "1814"]
[BlackElo "1704"]
[Annotator "NA RC"]
[PlyCount "84"]
[EventDate "2019.??.??"]
[EventCountry "LTU"]
[SourceTitle "playchess.com"]
[Source "ChessBase"]
[SourceQuality "1"]
[TimeControl "5400+30"]

{[%evp 20,79,29,32767,32767,32767,32767,32767,32767,-5,15,32767,32767,-78,-28,-33,-39,-42,-18,-18,9,18,30,0,16,32767,32767,32767,32767,32767,57,32767,32767,32767,81,67,32767,32767,32767,204,32767,259,205,32767,151,32767,142,32767,246,265,239,101,106,168,32767,168,158,166,237,0,0,0]} 1. e4 {[%emt 0:00:00]} c5 {[%emt 0:00:00]} 2. Nf3 {[%emt 0:00:00]} d6 {[%emt 0:00:00]} 3. d4 {[%emt 0:00:00]} cxd4 {[%emt 0:00:00]} 4. Nxd4 {[%emt 0:00:02]} Nf6 {[%emt 0:00:00]} 5. Nc3 {[%emt 0:00:16]} a6 {[%emt 0:00:00]} 6. Be2 {[%emt 0:00:36]} e5 {[%emt 0:00:08]} 7. Nf3 {[%emt 0:00:15]} h6 {[%emt 0:00:10]} 8. Nd2 {[%emt 0:01:31] B92: Sicilian Najdorf: 6 Be2} Be6 {[%emt 0:00:35]} (8... b5 9. a4 b4 10. Nd5 Nxd5 11. exd5 a5 12. Bb5+ Nd7 13. Nc4 Be7 14. Qg4 g6 15. Qe2 h5 {1-0 (50) Hovhannisyan,R (2637)-Andriasian,Z (2604) Yerevan 2019}) 9. Nc4 {[%emt 0:11:39]} b5 {[%emt 0:08:24]} 10. Ne3 {[%emt 0:01:09]} Nbd7 {[%emt 0:03:04]} 11. Bf3 {[%emt 0:14:00]} Rc8 $146 {[%emt 0:01:28]} ({Predecessor:} 11... Nb6 12. O-O Be7 13. Re1 O-O 14. Ne2 Rc8 15. Ng3 g6 {0-1 (71) Sahidi,S (2212)-Kosakowski,J (2363) Rymanow Zdroj 2017}) 12. O-O {[%emt 0:03:10]} Be7 {[%emt 0:00:11]} 13. Re1 {[%emt 0:07:50]} O-O {[%emt 0:00:55]} 14. Ncd5 {[%emt 0:11:46]} Nb6 {[%emt 0:12:07]} 15. c3 {[%emt 0:09:48]} Nfxd5 {[%emt 0:09:19]} 16. Nxd5 {[%emt 0:02:45]} Nxd5 {[%emt 0:01:56]} 17. exd5 {[%emt 0:00:06]} Bd7 {[%emt 0:00:13]} 18. Be2 {[%emt 0:00:47]} f5 {[%emt 0:01:09]} 19. a4 {[%emt 0:02:52]} Bg5 {[%emt 0:09:55]} 20. axb5 {[%emt 0:04:43]} axb5 {[%emt 0:03:44]} 21. Ra6 {[%emt 0:05:03]} Qf6 {[%emt 0:01:33]} 22. Qb3 {[%emt 0:04:54]} Bxc1 {[%emt 0:03:20]} 23. Rxc1 {[%emt 0:00:08]} Rc5 {[%emt 0:00:22]} 24. Rd1 {[%emt 0:01:14]} Qg6 {[%emt 0:04:39]} 25. Qb4 {[%emt 0:02:08]} Rfc8 {[%emt 0:04:00]} 26. Rb6 {[%emt 0:01:29]} f4 {[%emt 0:02:15]} 27. f3 {[%emt 0:04:08]} Bh3 {[%emt 0:11:31]} 28. Bf1 {[%emt 0:00:05]} Qc2 {[%emt 0:02:55] [#]} 29. Re1 $1 {[%emt 0:00:59]} Rxd5 {[%emt 0:02:16]} 30. Rxd6 {[%emt 0:04:09]} Rc4 {[%emt 0:01:40]} 31. Qa3 {[%emt 0:01:34]} Ra4 {[%emt 0:00:18]} 32. Qxa4 {[%emt 0:00:43]} bxa4 {[%emt 0:01:13]} 33. Rxd5 {[%emt 0:00:05]} Qxb2 {[%emt 0:01:05]} (33... Be6 $142 34. Rdxe5 Bf7) 34. gxh3 {[%emt 0:01:19]} Qxc3 {[%emt 0:00:59]} 35. Rdxe5 {[%emt 0:03:09]} (35. Rexe5 $18 a3 36. Re8+ Kf7 37. Ra8) 35... a3 {[%emt 0:00:36]} 36. Re8+ {[%emt 0:00:56]} Kh7 {[%emt 0:02:37] [#]} 37. Rd1 $1 {[%emt 0:01:06]} ({Much less strong is} 37. R1e2 Qa5 $16) 37... a2 {[%emt 0:00:24]} 38. Ree1 {[%emt 0:01:43]} Qxf3 {[%emt 0:03:37]} (38... Kg6 $142) 39. Ra1 $2 {[%emt 0:00:04]} (39. Bd3+ $18 g6 40. Bc4) 39... Qd5 {[%emt 0:01:01]} 40. Red1 $11 {[%emt 0:00:30]} Qc5+ {[%emt 0:02:10]} 41. Kg2 {[%emt 0:00:18]} Qc2+ {[%emt 0:01:25]} 42. Kg1 {[%emt 0:00:06]} Qc5+ {[%emt 0:00:12]} 1/2-1/2

[Event "LTU-ch Women 2019"]
[Site "Vilnius"]
[Date "2019.03.17"]
[Round "3.5"]
[White "Ditmonaite, Viktorija"]
[Black "Sukyte, Kotryna"]
[Result "1-0"]
[WhiteElo "1871"]
[BlackElo "1354"]
[Annotator "NA RC"]
[PlyCount "109"]
[EventDate "2019.??.??"]
[EventCountry "LTU"]
[SourceTitle "playchess.com"]
[Source "ChessBase"]
[SourceQuality "1"]
[TimeControl "5400+30"]

{[%evp 20,109,0,32767,32767,32767,32767,32767,32767,32767,53,32767,32767,10,32,24,32767,32767,32767,27,21,27,22,20,89,99,100,79,110,103,94,87,102,88,136,129,154,155,156,127,142,32767,32767,32767,32767,32767,108,115,32767,32767,32767,32767,32767,32767,32767,32767,32767,32767,313,625,734,739,789,654,5065,6961,5077,7649,5202,29978,29980,12814,29978,29980,29985,29986,29985,29987,29987,29988,29988,29989,29989,29990,29991,29991,29992,32767,29992,29993,29993,29994]} 1. d4 {[%emt 0:00:00]} Nf6 {[%emt 0:00:00]} 2. c4 {[%emt 0:00:30]} g6 {[%emt 0:00:30]} 3. Nc3 {[%emt 0:00:30]} Bg7 {[%emt 0:01:21]} 4. Nf3 {[%emt 0:00:30]} d6 {[%emt 0:00:30]} 5. e3 {[%emt 0:00:38]} O-O {[%emt 0:00:54]} 6. Be2 {[%emt 0:00:32]} Nbd7 {[%emt 0:00:53]} 7. O-O {[%emt 0:01:14]} e5 {[%emt 0:01:55]} 8. dxe5 {[%emt 0:00:36]} Nxe5 {[%emt 0:00:30]} 9. Qb3 $146 {[%emt 0:03:12] E61: King's Indian: Early deviations for White, including Smyslov System} ({Predecessor:} 9. Nxe5 dxe5 10. Qc2 c6 11. Rd1 Qe7 12. Bd2 e4 13. a3 Bf5 14. Na4 b6 15. Bb4 c5 16. Bc3 Rac8 {1-0 (52) Brinovec,D (2236)-Timagin,P (2318) Bled 2018}) 9... Ned7 {[%emt 0:10:28]} 10. Qc2 {[%emt 0:01:57]} Nc5 {[%emt 0:03:18]} 11. Nd4 {[%emt 0:02:53]} Ne6 {[%emt 0:06:39]} 12. h3 {[%emt 0:05:31]} Nxd4 {[%emt 0:01:58]} 13. exd4 {[%emt 0:00:30]} c6 {[%emt 0:02:45]} 14. Bg5 {[%emt 0:05:17]} Qc7 {[%emt 0:05:24]} 15. d5 {[%emt 0:08:24]} Bf5 {[%emt 0:09:56]} 16. Bd3 {[%emt 0:01:12]} Bxd3 {[%emt 0:01:05]} 17. Qxd3 {[%emt 0:00:30]} h6 {[%emt 0:06:20]} 18. Bf4 {[%emt 0:03:48]} g5 {[%emt 0:08:23]} 19. Bh2 {[%emt 0:00:30]} cxd5 {[%emt 0:00:30]} 20. Nxd5 {[%emt 0:00:30]} Nxd5 {[%emt 0:00:43]} 21. Qxd5 {[%emt 0:00:35]} Be5 {[%emt 0:02:13]} (21... Qc5 $11 {keeps the balance.}) 22. f4 {[%emt 0:05:59]} gxf4 {[%emt 0:02:54]} 23. Bxf4 {[%emt 0:00:30]} Bxf4 {[%emt 0:00:39]} 24. Rxf4 {[%emt 0:00:30]} Qc5+ {[%emt 0:02:22]} 25. Rd4 {[%emt 0:01:32]} Qxd5 {[%emt 0:01:32]} 26. Rxd5 {[%emt 0:00:30]} Rfd8 {[%emt 0:00:40]} 27. Rad1 {[%emt 0:00:30]} Rac8 {[%emt 0:00:30]} 28. c5 {[%emt 0:00:50]} ({Reject} 28. Rxd6 $6 Rxd6 29. Rxd6 Rxc4 $11) 28... Kf8 {[%emt 0:01:52]} 29. cxd6 {[%emt 0:02:38]} Rc2 {[%emt 0:03:29]} 30. Rb5 {[%emt 0:14:39]} b6 {[%emt 0:07:55]} 31. a4 {[%emt 0:02:42]} Rc6 {[%emt 0:01:29]} 32. Rbd5 {[%emt 0:00:30]} Ke8 {[%emt 0:02:02]} 33. b4 {[%emt 0:08:40]} a6 {[%emt 0:03:31]} 34. Kf2 {[%emt 0:04:07]} f6 {[%emt 0:03:04]} 35. Kf3 {[%emt 0:02:46]} Kf7 {[%emt 0:01:14]} 36. Kf4 {[%emt 0:06:06]} Rc4+ {[%emt 0:01:12]} 37. R1d4 {[%emt 0:00:30]} Rxd4+ {[%emt 0:00:30]} 38. Rxd4 {[%emt 0:00:30]} Ke6 {[%emt 0:05:01]} 39. g4 {[%emt 0:00:30]} Rd7 {[%emt 0:00:48]} 40. Ke4 {[%emt 0:03:51]} Rd8 {[%emt 0:01:37] [#]} 41. d7 $1 {[%emt 0:01:23]} Rxd7 {[%emt 0:00:41]} 42. Rxd7 {[%emt 0:00:30]} Kxd7 {[%emt 0:00:30]} 43. Kf5 {[%emt 0:00:30]} Ke7 {[%emt 0:00:30]} 44. Kg6 {[%emt 0:00:30]} Ke6 {[%emt 0:00:32]} 45. Kxh6 {[%emt 0:00:30]} Kf7 {[%emt 0:00:30]} 46. h4 {[%emt 0:00:30]} Kf8 {[%emt 0:00:40]} 47. Kg6 {[%emt 0:00:30]} Ke7 {[%emt 0:00:30]} 48. h5 {[%emt 0:00:30]} Kd6 {[%emt 0:00:30]} 49. h6 {[%emt 0:00:30]} Kd5 {[%emt 0:00:30]} 50. h7 {[%emt 0:00:30]} Kc4 {[%emt 0:00:30]} 51. h8=Q {[%emt 0:00:30]} Kxb4 {[%emt 0:00:30]} 52. Qxf6 {[%emt 0:00:30]} Ka5 {[%emt 0:00:30]} 53. Qd4 {[%emt 0:00:38]} (53. g5 $142 b5 54. Kh5 Kb4 55. g6 Kb3 56. g7 Ka3 57. g8=Q Kb4 58. Qd4+ Ka3 59. Qc3+ Kxa4 60. Qgb3#) 53... b5 {[%emt 0:00:30]} 54. axb5 {[%emt 0:00:30]} axb5 {[%emt 0:00:30]} 55. Kf6 {[%emt 0:00:30]} 1-0

[Event "LTU-ch Women 2019"]
[Site "Vilnius"]
[Date "2019.03.17"]
[Round "3.6"]
[White "Griksaite, Egle"]
[Black "Simkunaite, Gabija"]
[Result "0-1"]
[WhiteElo "1245"]
[BlackElo "1820"]
[Annotator "NA"]
[PlyCount "70"]
[EventDate "2019.??.??"]
[EventCountry "LTU"]
[SourceTitle "playchess.com"]
[Source "ChessBase"]
[SourceQuality "1"]
[TimeControl "5400+30"]

1. d4 {[%emt 0:00:00]} e6 {[%emt 0:00:15]} 2. Nf3 {[%emt 0:00:36]} b6 {[%emt 0:01:43]} 3. Bf4 {[%emt 0:01:16]} Nf6 {[%emt 0:01:32]} 4. e3 {[%emt 0:01:17]} d6 {[%emt 0:02:05]} (4... Bb7 5. Nbd2 Bd6 6. Bg3 O-O 7. a4 a6 8. Bd3 h6 9. e4 Bxg3 10. hxg3 d6 11. Qe2 e5 12. dxe5 dxe5 13. Nc4 {1-0 (53) Maghsoodloo,P (2688)-Jobava,B (2627) St Petersburg 2018}) 5. Bd3 {[%emt 0:02:01]} Be7 {[%emt 0:00:52]} 6. Nbd2 {[%emt 0:01:26] A47: 1 d4 Nf6 2 Nf3 b6: Torre, London and Colle Systems} Bb7 {[%emt 0:00:35]} 7. Qe2 {[%emt 0:02:21]} Nbd7 {[%emt 0:02:59]} 8. c3 {[%emt 0:02:30]} c5 {[%emt 0:03:30]} 9. O-O {[%emt 0:02:10]} Nh5 {[%emt 0:02:43]} 10. Bg3 {[%emt 0:01:12]} Nxg3 {[%emt 0:00:19]} 11. fxg3 {[%emt 0:00:34]} O-O {[%emt 0:01:49]} 12. e4 $146 {[%emt 0:00:57]} ({Predecessor:} 12. Bc2 Rc8 13. Rae1 g6 14. Ne4 f5 15. Nf2 Nf6 16. e4 f4 17. g4 cxd4 18. Nxd4 {½-½ (18) Wilke,W (1704)-Josting,F (1857) Hamburg 2018}) 12... e5 {[%emt 0:04:14]} 13. d5 {[%emt 0:01:22]} f5 {[%emt 0:03:32]} 14. c4 {[%emt 0:03:02]} f4 {[%emt 0:03:14]} 15. Qf2 {[%emt 0:02:30]} fxg3 {[%emt 0:06:56]} 16. Qxg3 {[%emt 0:00:31]} Rf6 {[%emt 0:02:19]} 17. Rf2 {[%emt 0:06:43]} Nf8 {[%emt 0:05:48]} 18. Raf1 $2 {[%emt 0:04:28] [#]} (18. Ne1 $15) 18... Rg6 $1 {[%emt 0:00:21]} 19. Qh3 {[%emt 0:01:21]} Bc8 {[%emt 0:00:02]} 20. Qh5 {[%emt 0:01:16]} Bg4 {[%emt 0:00:02] Trapped Piece} 21. Nxe5 {[%emt 0:01:59]} Bxh5 {[%emt 0:00:54]} 22. Nc6 {[%emt 0:00:54]} Qe8 {[%emt 0:03:17]} 23. e5 {[%emt 0:00:51]} dxe5 {[%emt 0:01:08]} 24. Bxg6 {[%emt 0:02:39]} Bxg6 {[%emt 0:00:57]} 25. Nxe5 {[%emt 0:00:32]} Bf6 {[%emt 0:00:20]} 26. Nc6 {[%emt 0:01:19]} Bd3 {[%emt 0:02:10]} 27. Rd1 {[%emt 0:01:03]} Ng6 {[%emt 0:03:45]} 28. b3 {[%emt 0:01:25]} b5 {[%emt 0:02:55]} 29. Nf3 {[%emt 0:01:08]} bxc4 {[%emt 0:00:08]} 30. bxc4 {[%emt 0:00:24]} Bxc4 {[%emt 0:00:10]} 31. Na5 {[%emt 0:01:21]} Qa4 {[%emt 0:01:36]} 32. Rc1 {[%emt 0:01:16]} Bxd5 {[%emt 0:00:13]} 33. Nb3 {[%emt 0:01:42]} Bxf3 $19 {[%emt 0:00:26]} 34. Nxc5 {[%emt 0:02:05]} Qa3 {[%emt 0:00:08]} 35. Rxf3 {[%emt 0:00:51]} Qxc1+ {[%emt 0:00:05]} 0-1

[Event "LTU-ch Women 2019"]
[Site "Vilnius"]
[Date "2019.03.18"]
[Round "4.1"]
[White "Ramanauskaite, Giedre"]
[Black "Kaspute, Vesta"]
[Result "0-1"]
[WhiteElo "1870"]
[BlackElo "2037"]
[Annotator "NA RC"]
[PlyCount "44"]
[EventDate "2019.??.??"]
[EventCountry "LTU"]
[SourceTitle "playchess.com"]
[Source "ChessBase"]
[SourceQuality "1"]
[TimeControl "5400+30"]

1. Nf3 {[%emt 0:00:51]} Nf6 {[%emt 0:00:00]} 2. g3 {[%emt 0:00:43]} g6 {[%emt 0:00:22]} 3. Bg2 {[%emt 0:00:20]} Bg7 {[%emt 0:00:31]} 4. c4 {[%emt 0:00:45]} O-O {[%emt 0:01:30]} 5. O-O {[%emt 0:00:15]} d5 {[%emt 0:05:20]} 6. cxd5 {[%emt 0:00:54]} Nxd5 {[%emt 0:00:09]} 7. Nc3 {[%emt 0:00:14]} Nb6 {[%emt 0:01:48]} 8. b3 {[%emt 0:01:57]} Nc6 {[%emt 0:01:37]} 9. Bb2 {[%emt 0:00:28]} a5 {[%emt 0:02:33]} 10. d3 {[%emt 0:02:55]} e5 {[%emt 0:02:36]} 11. Ne4 {[%emt 0:02:15]} a4 {[%emt 0:06:07]} 12. a3 {[%emt 0:02:10]} axb3 {[%emt 0:02:10]} 13. Qxb3 {[%emt 0:00:12]} Be6 {[%emt 0:02:22]} 14. Qc2 {[%emt 0:00:14]} Na4 {[%emt 0:07:02]} 15. Nc5 {[%emt 0:01:45]} Nxb2 {[%emt 0:24:47]} 16. Nxe6 {[%emt 0:01:00]} fxe6 {[%emt 0:00:26]} 17. Qxb2 {[%emt 0:05:51]} e4 {[%emt 0:01:36]} 18. Qxb7 {[%emt 0:00:54]} exf3 {[%emt 0:00:45]} 19. Qxc6 {[%emt 0:00:23]} fxg2 {[%emt 0:00:26]} 20. Qxe6+ {[%emt 0:00:11]} Kh8 {[%emt 0:00:22]} 21. Kxg2 {[%emt 0:00:15]} Bxa1 {[%emt 0:00:18]} 22. Rxa1 {[%emt 0:00:15]} Qf6 {[%emt 0:02:59]} 0-1

[Event "LTU-ch Women 2019"]
[Site "Vilnius"]
[Date "2019.03.18"]
[Round "4.2"]
[White "Sibajeva, Marija"]
[Black "Limontaite, Simona"]
[Result "1/2-1/2"]
[WhiteElo "2023"]
[BlackElo "2233"]
[Annotator "TA"]
[PlyCount "78"]
[EventDate "2019.??.??"]
[EventCountry "LTU"]
[SourceTitle "playchess.com"]
[Source "ChessBase"]
[SourceQuality "1"]

{[%evp 20,78,32,31,71,44,46,39,45,39,73,68,61,64,84,81,78,82,91,61,81,60,60,58,78,57,57,57,60,58,83,83,83,60,76,76,76,63,68,48,54,52,76,76,76,76,76,76,102,76,76,76,83,76,94,77,78,79,61,49,119]} 1. e4 {[%cal Be2e4,Be4e5][%mdl 32]} c5 2. Nf3 Nc6 3. Bb5 g6 4. O-O Bg7 5. Re1 Nf6 6. e5 Ng4 7. Bxc6 dxc6 8. d3 Nh6 {B31: Sicilian: 2...Nc6 3 Bb5 g6} 9. Nc3 O-O 10. Ne4 (10. h3 Nf5 11. Ne4 b6 12. Bf4 Nd4 13. c3 Nxf3+ 14. Qxf3 Be6 15. Qe3 Qd5 16. c4 Qd7 17. Bh6 Rfd8 18. Bxg7 Kxg7 {0-1 (44) Vidit,S (2707)-Li,C (2732) Liaocheng 2018}) 10... b6 11. Bf4 {LiveBook: 18 Games} f5 12. Nc3 $146 ({Predecessor:} 12. Ned2 Be6 13. Ng5 Qd7 14. Ndf3 Nf7 15. Nxf7 Bxf7 16. Qe2 Bd5 17. Nd2 {½-½ (17) Kovacevic,A (2507)-Jankovic,A (2557) Hungary 2015}) 12... e6 13. Qd2 Nf7 14. Ng5 Qc7 15. Nxf7 Rxf7 16. Qe3 Bb7 17. h4 Kh8 18. a4 a5 19. Nb1 {[%cal Bc3b1,Bb1d2,Bd2c4][%mdl 32]} Qd8 20. g3 Qd4 21. Nd2 Ba6 22. b3 (22. Qf3 {with more complications.} Qd5 23. Qe2 b5 24. Nf3 h6 25. Red1) 22... Qxe3 23. Rxe3 h6 24. Ree1 Kh7 25. Nc4 Rb8 26. Rab1 Rd7 27. Bd2 Bf8 {[%cal Bg7f8,Bf8e7,Be7d8][%mdl 32]} 28. Kg2 Be7 29. f4 (29. Rec1 {is interesting.} Rd5 30. Rh1 Rd7 31. Nd6 Kg7 32. Rhe1) 29... Bd8 30. Rh1 (30. Be3 {is more complex.} Be7 31. Kf2 Kg7 32. Nd2 Kf7 33. Rh1) 30... Bxc4 31. bxc4 Rbb7 32. Rb3 Rg7 33. Kf3 Rbd7 34. Rbb1 Kg8 35. Rh2 Kf7 36. Rg1 Rb7 37. Be3 Be7 38. Rb1 Rg8 39. Bd2 Rbb8 {Accuracy: White = 68%, Black = 46%.} (39... h5 $14) 1/2-1/2

[Event "LTU-ch Women 2019"]
[Site "Vilnius"]
[Date "2019.03.18"]
[Round "4.3"]
[White "Ravlusevic, Evelina"]
[Black "Ditmonaite, Viktorija"]
[Result "1/2-1/2"]
[WhiteElo "1704"]
[BlackElo "1871"]
[Annotator "NA RC"]
[PlyCount "140"]
[EventDate "2019.??.??"]
[EventCountry "LTU"]
[SourceTitle "playchess.com"]
[Source "ChessBase"]
[SourceQuality "1"]
[TimeControl "5400+30"]

1. d4 {[%emt 0:00:00]} Nf6 {[%emt 0:00:00]} 2. c4 {[%emt 0:00:00]} e6 {[%emt 0:00:00]} 3. Nf3 {[%emt 0:00:00]} c5 {[%emt 0:00:00]} 4. d5 {[%emt 0:00:04]} b5 {[%emt 0:01:55]} 5. e3 {[%emt 0:05:30]} bxc4 {[%emt 0:01:44]} 6. Bxc4 {[%emt 0:07:00]} Bb7 {[%emt 0:01:17]} 7. Nc3 {[%emt 0:00:57]} Ba6 {[%emt 0:13:11]} 8. Nd2 {[%emt 0:04:46]} Bxc4 {[%emt 0:06:58]} 9. Nxc4 {[%emt 0:00:15]} d6 {[%emt 0:02:45]} 10. O-O {[%emt 0:04:23]} Be7 {[%emt 0:03:31]} 11. Qf3 {[%emt 0:03:24]} Nbd7 {[%emt 0:01:46]} 12. dxe6 {[%emt 0:02:04]} fxe6 {[%emt 0:00:12]} 13. Qc6 {[%emt 0:06:07]} d5 {[%emt 0:04:27]} 14. Nb5 {[%emt 0:02:18]} O-O {[%emt 0:24:50]} 15. Qxe6+ {[%emt 0:01:01]} Kh8 {[%emt 0:00:26]} 16. Ncd6 {[%emt 0:00:45]} Bxd6 {[%emt 0:02:51]} 17. Nxd6 {[%emt 0:00:09]} Qb6 {[%emt 0:01:55]} 18. Nf7+ {[%emt 0:03:52]} Kg8 {[%emt 0:01:12]} 19. Ng5+ {[%emt 0:02:42]} Qxe6 {[%emt 0:00:02]} 20. Nxe6 {[%emt 0:00:02]} Rf7 {[%emt 0:01:05]} 21. Rd1 {[%emt 0:01:18]} Rc8 {[%emt 0:02:51]} 22. Bd2 {[%emt 0:03:11]} Ne4 {[%emt 0:04:06]} 23. Be1 {[%emt 0:04:14]} Nb6 {[%emt 0:01:03]} 24. f3 {[%emt 0:02:02]} Nf6 {[%emt 0:00:46]} 25. Nf4 {[%emt 0:01:08]} Rd7 {[%emt 0:00:55]} 26. Bc3 {[%emt 0:00:57]} Kf7 {[%emt 0:01:22]} 27. a4 {[%emt 0:00:49]} Nc4 {[%emt 0:02:13]} 28. Kf2 {[%emt 0:00:50]} d4 {[%emt 0:01:42]} 29. exd4 {[%emt 0:00:34]} cxd4 {[%emt 0:00:02]} 30. Rxd4 {[%emt 0:01:10]} Rxd4 {[%emt 0:00:19]} 31. Bxd4 {[%emt 0:00:03]} Nxb2 {[%emt 0:01:25]} 32. Ne2 {[%emt 0:04:08]} Nd3+ {[%emt 0:02:59]} 33. Ke3 {[%emt 0:00:48]} Nc5 {[%emt 0:00:19]} 34. Nc3 {[%emt 0:05:03]} Re8+ {[%emt 0:05:14]} 35. Kf2 {[%emt 0:00:47]} Nb3 {[%emt 0:00:10]} 36. Rd1 {[%emt 0:00:23]} Nxd4 {[%emt 0:01:42]} 37. Rxd4 {[%emt 0:00:07]} Re7 {[%emt 0:01:07]} 38. Nb5 {[%emt 0:01:18]} Kg6 {[%emt 0:01:47]} 39. Rd8 {[%emt 0:01:56]} a6 {[%emt 0:00:20]} 40. Nd4 {[%emt 0:04:34]} Re5 {[%emt 0:01:24]} 41. Nb3 {[%emt 0:01:02]} Re6 {[%emt 0:02:17]} 42. a5 {[%emt 0:00:28]} Re5 {[%emt 0:00:38]} 43. Rd6 {[%emt 0:00:57]} Rb5 {[%emt 0:01:25]} 44. Rb6 {[%emt 0:00:14]} Rxb6 {[%emt 0:00:46]} 45. axb6 {[%emt 0:00:02]} Nd7 {[%emt 0:00:05]} 46. b7 {[%emt 0:00:11]} Kf5 {[%emt 0:00:23]} 47. Ke3 {[%emt 0:00:56]} Ke5 {[%emt 0:00:02]} 48. f4+ {[%emt 0:05:01]} Kd5 {[%emt 0:00:04]} 49. Nd4 {[%emt 0:00:21]} a5 {[%emt 0:01:37]} 50. g4 {[%emt 0:01:42]} a4 {[%emt 0:00:26]} 51. Nf5 {[%emt 0:00:31]} a3 {[%emt 0:00:55]} 52. Nd4 {[%emt 0:00:11]} a2 {[%emt 0:00:24]} 53. Nc2 {[%emt 0:00:43]} Kc6 {[%emt 0:00:56]} 54. Nb4+ {[%emt 0:00:11]} Kxb7 {[%emt 0:00:04]} 55. Nxa2 {[%emt 0:00:08]} Kc6 {[%emt 0:00:25]} 56. Nc3 {[%emt 0:00:35]} Nf6 {[%emt 0:00:42]} 57. g5 {[%emt 0:02:18]} Ng4+ {[%emt 0:01:00]} 58. Ke4 {[%emt 0:00:09]} Nxh2 {[%emt 0:00:20]} 59. Ke5 {[%emt 0:00:23]} Kd7 {[%emt 0:00:57]} 60. Kf5 {[%emt 0:00:20]} Ke7 {[%emt 0:00:25]} 61. Nd5+ {[%emt 0:01:09]} Kf7 {[%emt 0:00:07]} 62. Ke4 {[%emt 0:00:27]} Nf1 {[%emt 0:01:49]} 63. f5 {[%emt 0:01:44]} Ng3+ {[%emt 0:00:06]} 64. Ke5 {[%emt 0:00:13]} Nh5 {[%emt 0:00:54]} 65. Ne3 {[%emt 0:00:45]} Ke7 {[%emt 0:00:34]} 66. Ng4 {[%emt 0:02:14]} Kf7 {[%emt 0:00:26]} 67. Kd6 {[%emt 0:01:10]} Ng3 {[%emt 0:01:08]} 68. Ne5+ {[%emt 0:00:18]} Kf8 {[%emt 0:00:19]} 69. Ke6 {[%emt 0:01:28]} Ne4 {[%emt 0:00:12]} 70. g6 {[%emt 0:03:59]} hxg6 {[%emt 0:01:11]} 1/2-1/2

[Event "LTU-ch Women 2019"]
[Site "Vilnius"]
[Date "2019.03.18"]
[Round "4.4"]
[White "Simkunaite, Gabija"]
[Black "Malisauskiene, Marina"]
[Result "1/2-1/2"]
[WhiteElo "1820"]
[BlackElo "1869"]
[Annotator "NA RC"]
[PlyCount "73"]
[EventDate "2019.??.??"]
[EventCountry "LTU"]
[SourceTitle "playchess.com"]
[Source "ChessBase"]
[SourceQuality "1"]
[TimeControl "5400+30"]

1. e4 {[%emt 0:00:00]} e6 {[%emt 0:00:00]} 2. d4 {[%emt 0:00:00]} d5 {[%emt 0:00:00]} 3. Nc3 {[%emt 0:00:00]} Bb4 {[%emt 0:00:00]} 4. e5 {[%emt 0:00:13]} c5 {[%emt 0:00:01]} 5. a3 {[%emt 0:01:26]} Bxc3+ {[%emt 0:00:28]} 6. bxc3 {[%emt 0:00:06]} Ne7 {[%emt 0:00:13]} 7. Nf3 {[%emt 0:01:51]} Nbc6 {[%emt 0:03:31]} 8. Be2 {[%emt 0:02:31]} Bd7 {[%emt 0:03:18]} 9. O-O {[%emt 0:01:30]} Qa5 {[%emt 0:03:56]} 10. Bd2 {[%emt 0:04:34]} c4 {[%emt 0:04:11]} 11. Re1 {[%emt 0:05:58]} h6 {[%emt 0:03:38]} 12. Bf1 {[%emt 0:05:12]} O-O-O {[%emt 0:05:08]} 13. h3 {[%emt 0:07:34]} Rdf8 {[%emt 0:03:45]} 14. Nh2 {[%emt 0:02:16]} h5 {[%emt 0:04:15]} 15. Be2 {[%emt 0:06:36]} g6 {[%emt 0:00:48]} 16. f4 {[%emt 0:12:42]} f6 {[%emt 0:04:58]} 17. Nf3 {[%emt 0:02:24]} fxe5 {[%emt 0:04:51]} 18. fxe5 {[%emt 0:02:00]} Nf5 {[%emt 0:00:16]} 19. h4 {[%emt 0:02:44]} Nd8 {[%emt 0:07:35]} 20. Kh2 {[%emt 0:04:31]} Nf7 {[%emt 0:00:28]} 21. g3 {[%emt 0:00:34]} N7h6 {[%emt 0:02:38]} 22. Bxh6 {[%emt 0:00:38]} Nxh6 {[%emt 0:00:12]} 23. Qd2 {[%emt 0:00:13]} Ng4+ {[%emt 0:02:33]} 24. Kg2 {[%emt 0:00:11]} Rf5 {[%emt 0:03:39]} 25. Rf1 {[%emt 0:05:12]} Rhf8 {[%emt 0:00:36]} 26. Bd1 {[%emt 0:03:44]} a6 {[%emt 0:01:00]} 27. Be2 {[%emt 0:00:32]} Kc7 {[%emt 0:13:51]} 28. Bd1 {[%emt 0:04:11]} Ba4 {[%emt 0:08:33]} 29. Ra2 {[%emt 0:00:59]} Kd7 {[%emt 0:00:50]} 30. Be2 {[%emt 0:01:45]} Qb6 {[%emt 0:03:54]} 31. Qc1 {[%emt 0:03:34]} Qd8 {[%emt 0:03:47]} 32. Kg1 {[%emt 0:02:59]} Qe7 {[%emt 0:01:39]} 33. Kg2 {[%emt 0:04:18]} R8f7 {[%emt 0:00:50]} 34. Qd2 {[%emt 0:00:36]} Qf8 {[%emt 0:00:49]} 35. Bd1 {[%emt 0:01:16]} Kc6 {[%emt 0:06:30]} 36. Be2 {[%emt 0:00:34]} b5 {[%emt 0:00:12]} 37. Bd1 {[%emt 0:00:11]} 1/2-1/2